| 000 | 00881nam a2200217Ia 4500 | ||
|---|---|---|---|
| 003 | IN-BaIIA | ||
| 008 | 211028s9999 xx 000 0 eng d | ||
| 020 | _a978-81-922926-4-9 | ||
| 040 | _cIIA Library | ||
| 080 |
_a082.2:52 _bASI-6 |
||
| 111 |
_aInternational Workshop on Stellar Spectral Libraries _cDelhi _d2011 Dec. 5-9 _935925 |
||
| 245 | 0 |
_aInternational workshop on stellar spectral libraries _bproceedings of workshop held in University of Delhi, Delhi, India, December 5-9, 20 _cedited by Philippe Prugniel and Harinder P. Singh |
|
| 260 |
_aBangalore _bAstronomical Society of India _c2012 |
||
| 300 | _axii, 273p. | ||
| 490 | _aAstronomical society of India conference series; v. 6 | ||
| 650 |
_aSpectral libraries _935926 |
||
| 650 |
_aStellar spectrum _935927 |
||
| 700 |
_aPrugniel, Philippe, ed. _935928 |
||
| 700 |
_aSingh, Harinder P., ed. _935929 |
||
| 942 | _cBK | ||
| 999 |
_c18778 _d18778 |
||